住友金属工業最近十年史 : 創業七十周年記念

Uloženo v:
Podrobná bibliografie
Korporativní autor: 住友金属工業株式会社社史編集委員会
Médium: Kniha
Jazyk:Undetermined
Vydáno: 大阪 住友金属工業株式会社 1967
Témata:
Tagy: Přidat tag
Žádné tagy, Buďte první, kdo otaguje tento záznam!
Thư viện lưu trữ: Trung tâm Học liệu Trường Đại học Cần Thơ
LEADER 00595nam a2200193Ia 4500
001 CTU_89073
008 210402s9999 xx 000 0 und d
082 |a 671.5 
082 |b S955 
110 |a 住友金属工業株式会社社史編集委員会 
245 0 |a 住友金属工業最近十年史 : 
245 0 |b 創業七十周年記念 
245 0 |c 住友金属工業株式会社社史編集委員会 
260 |a 大阪 
260 |b 住友金属工業株式会社 
260 |c 1967 
650 |a Metallurgy 
904 |i Ngoc 
980 |a Trung tâm Học liệu Trường Đại học Cần Thơ